Generating power at high efficiency : (Record no. 355273)
[ view plain ]
| 000 -LEADER | |
|---|---|
| fixed length control field | 01590nam a2200289 a 4500 |
| 001 - CONTROL NUMBER | |
| control field | ASIN1420080695 |
| 003 - CONTROL NUMBER IDENTIFIER | |
| control field | Nust- CAS-E |
| 005 - DATE AND TIME OF LATEST TRANSACTION | |
| control field | 20180118181355.0 |
| 008 - FIXED-LENGTH DATA ELEMENTS--GENERAL INFORMATION | |
| fixed length control field | 140228s2008 xxu eng d |
| 020 ## - INTERNATIONAL STANDARD BOOK NUMBER | |
| International Standard Book Number | 1420080695 |
| Terms of availability | $229.95 |
| 020 ## - INTERNATIONAL STANDARD BOOK NUMBER | |
| International Standard Book Number | 9781420080698 |
| 040 ## - CATALOGING SOURCE | |
| Transcribing agency | 0 |
| 050 04 - LIBRARY OF CONGRESS CALL NUMBER | |
| Classification number | TJ808 |
| 082 04 - DEWEY DECIMAL CLASSIFICATION NUMBER | |
| Classification number | 621.042 |
| Author Mark | JEF 2008 |
| 100 1# - MAIN ENTRY--PERSONAL NAME | |
| Relator code | Jeff, Eric |
| 245 10 - TITLE STATEMENT | |
| Title | Generating power at high efficiency : |
| Remainder of title | combined cycle technology for sustainable energy production / |
| Statement of responsibility, etc. | E. Jeffs. |
| 260 ## - PUBLICATION, DISTRIBUTION, ETC. | |
| Place of publication, distribution, etc. | [S.l.] : |
| Name of publisher, distributor, etc. | CRC Press, |
| Date of publication, distribution, etc. | 2008. |
| 300 ## - PHYSICAL DESCRIPTION | |
| Extent | 216 p. ; |
| Dimensions | 24 cm. |
| 520 ## - SUMMARY, ETC. | |
| Summary, etc. | Drawn from a wealth of experience and examples from around the world, this book reviews key developments in combined cycle technology that help to ensure sustainable energy production. It traces the early development of the combined cycle in Europe and North America to achieve higher efficiency of power generation. The text reviews the development of gas turbines, discusses improvements in steam generator design, and examines the more specialized option of repowering steam turbines. It also describes the development of combined heat and power technology, explores three technologies for coal burning turbines, and examines the issues that are shaping the energy system of the future. |
| 650 #0 - SUBJECT ADDED ENTRY--TOPICAL TERM | |
| Topical term or geographic name entry element | Energy consumption |
| 650 #0 - SUBJECT ADDED ENTRY--TOPICAL TERM | |
| Topical term or geographic name entry element | Integrated gasification combined cycle power plants |
| 650 #0 - SUBJECT ADDED ENTRY--TOPICAL TERM | |
| Topical term or geographic name entry element | Power resources |
| 650 #0 - SUBJECT ADDED ENTRY--TOPICAL TERM | |
| Topical term or geographic name entry element | Renewable energy sources |
| 700 1# - ADDED ENTRY--PERSONAL NAME | |
| Personal name | Jeffs, E. |
| 856 40 - ELECTRONIC LOCATION AND ACCESS | |
| Materials specified | Amazon.com |
| Uniform Resource Identifier | <a href="http://www.amazon.com/exec/obidos/ASIN/1420080695/chopaconline-20">http://www.amazon.com/exec/obidos/ASIN/1420080695/chopaconline-20</a> |
| 942 ## - ADDED ENTRY ELEMENTS (KOHA) | |
| Source of classification or shelving scheme | |
| Koha item type | Book |
| Withdrawn status | Lost status | Source of classification or shelving scheme | Damaged status | Not for loan | Collection code | Permanent Location | Current Location | Shelving location | Date acquired | Source of acquisition | Total Checkouts | Full call number | Barcode | Date last seen | Cost, replacement price | Price effective from | Koha item type |
|---|---|---|---|---|---|---|---|---|---|---|---|---|---|---|---|---|---|
| US-Pakistan Center for Advanced Studies in Energy (USPCAS-E) | US-Pakistan Center for Advanced Studies in Energy (USPCAS-E) | General Stacks | 04/15/2013 | Victoria co | 621.042 JEF 2008 | CAS-E0000145 | 02/28/2014 | 22419.00 | 02/28/2014 | Book |
